| 000 | 00794nam a22002417a 4500 | ||
|---|---|---|---|
| 005 | 20170124110025.0 | ||
| 010 | _aA-286531 | ||
| 020 |
_c00.00 _a8185061475 |
||
| 035 | _aA-286531 | ||
| 037 | _bCen Lib/Ret | ||
| 040 |
_aDPL _bEN |
||
| 082 |
_a575.01 _bKUM |
||
| 100 |
_aKumar, B. _916193 |
||
| 245 |
_aOrigin and evolution of mankind : _cby B.Kumar _boccult history of the making of mankind retold in the light of modern discoveries / |
||
| 260 |
_aDelhi _bAmar prakashan _c1986 |
||
| 270 |
_aA-1/139B, Lawrence Road _bDelhi _e110035 |
||
| 300 |
_axi,250p. _c19cm(Hb) |
||
| 500 | _aIncludes bibliographical reference and index | ||
| 650 |
_aOccultism _920565 |
||
| 650 |
_aPrehistoric peoples _920566 |
||
| 700 | _920425 | ||
| 942 |
_2ddc _cEN _h575.01 _mKUM |
||
| 999 |
_c127461 _d127461 |
||